000
00330nam a2200121Ia 4500
008
220216s9999 xx 000 0 und d
100
_a
Loh C F
245
0
_a
Current replanting methods for oil palm/rubber- A case for re-evaluation and research
260
_b
Planter
_c
1979
300
_a
114-124
650
_a
Rubber
942
_c
JS
999
_c
56654
_d
56654